Loading...
| Literature - British Literature | 0 | 6 | 0 | 1 | 60 | 83 | 109.00 | 0 | 1 |
| Fine Arts - Other Fine Arts | 0 | 6 | 0 | 0 | 60 | 85 | 105.17 | 1 | 5 |
| Literature - World/Other Literature | 0 | 4 | 0 | 2 | 40 | 101 | 120.25 | 0 | 2 |
| Fine Arts - Visual Fine Arts | 0 | 4 | 1 | 2 | 35 | 98 | 109.50 | 0 | 2 |
| Mythology | 0 | 3 | 0 | 0 | 30 | 48 | 55.67 | 0 | 3 |
| Religion | 0 | 3 | 0 | 0 | 30 | 77 | 99.33 | 0 | 1 |
| Literature - American Literature | 0 | 3 | 0 | 0 | 30 | 102 | 109.33 | 0 | 1 |
| Fine Arts - Classical Music | 0 | 3 | 0 | 0 | 30 | 100 | 116.00 | 0 | 1 |
| Philosophy | 0 | 3 | 1 | 1 | 25 | 78 | 95.33 | 0 | 3 |
| Literature - European Literature | 0 | 3 | 2 | 0 | 20 | 71 | 79.67 | 1 | 3 |
| History - World History | 0 | 1 | 0 | 1 | 10 | 114 | 114.00 | 0 | 0 |
| History - Other History | 0 | 1 | 0 | 0 | 10 | 91 | 91.00 | 0 | 0 |
| Science - Other Science | 0 | 1 | 0 | 0 | 10 | 95 | 95.00 | 0 | 1 |
| Social Science | 0 | 1 | 1 | 0 | 5 | 92 | 92.00 | 0 | 1 |